000 00840nam a22002657a 4500
003 DO-SdBPM
005 20250609102205.0
008 1510211993 sp |||| 00| 0 spa d
020 _a8434822830
040 _aDO-SdBPM
_bspa
_cBPMSU
082 4 _a863.6
_bG633n 1993
_222
100 1 _aGómez Cerdá, Alfredo
_d1951-
245 1 0 _aNano y Esmeralda /
_cAlfredo Gómez Cerdá ; ilustraciones Carmen Lucini
250 _a8va ed
260 _aMadrid :
_bEdiciones SM,
_c1993
300 _a126 p. :
_bil
490 _aBarco de vapor ; no 46
585 _aFinalista del premio El barco de vapor 1985
650 4 _aCuentos infantiles españoles
650 4 _aJersey
_vCuentos infantiles
650 4 _aNiños
_vCuentos infantiles
700 1 _a Lucini, Carmen
_eilustraciones
910 _aVMateo V. Control de calidad. BPMSU
942 _2ddc
_cBK
999 _c8415
_d8415